000 00381nam a22001457a 4500
003 0
005 20230807153447.0
008 150202b xxu||||| |||| 00| 0 eng d
020 _a978-981-01-1161-8
050 _aHS 530
_b.C41 2007
245 _aGCE'O Level 1 Physics matters :
_bvol. 2
260 _aSingapore
_bMarshall cavendish
_cC2007
300 _a131
_c23CM
942 _2lcc
_cBK
999 _c282502
_d282502